Music Quiz

Random Music or Song Quiz

Song lyrics Quiz Stats

Quiz not verified by Sporcle

Also try: Mambo No. 5 Girls
Challenge
Share
Tweet
Embed
Score 0/20 Timer 10:00
0 Plays Today
Lyrics Song % Correct
I am a world before I Am a man, I was a creature before I could standBefore I Forget
44.9%
**** You, I wont do what you tell meKilling in the Name
42.9%
Cause I really always knew that my little crime would be cold thats why I got a heater for your thighsA Little Piece of Heaven
32.7%
So tell me now, if this aint love then how do we get out?Saviour
28.6%
You left a hole where my heart should be, you gotta fight just to make it throughBreath
28.6%
Just like the Pied Piper, led rats through the streets, we dance like marionettes, swaying to the..Symphony of Destruction
18.4%
Lets get this party started, lets keep them 40s poppinEverywhere I Go
18.4%
I was a young boy that had big plans, now im just another **** old man The Grouch
16.3%
Too many times ive seen it, rip a hole into our friendship4 Words (To Choke Upon)
10.2%
Im my own worst enemyGiven Up
10.2%
Lyrics Song % Correct
Hallucination, Herecy, Still you run, whats to come? Whats to be?All Nightmare Long
8.2%
Nicotine, Vallium, Vicodin, Marijuana, Ecstacy and AlcoholFeel Good Hit of the Summer
8.2%
Have you no backbone? Have you no spine? What ever happened to...No One Gets Left Behind
6.1%
Bäng BängFeuer Frei!
2%
Ill sit and spin for a little while, if its the end of days, Im going out in styleToo Much Too Young Too Fast
2%
Its my world, youre in it, it will take you down in a minuteIn Your Face
2%
From sorrow to serenity, the truth is absolutionMy Last Serenade
2%
Youve waged a war of nerves, but you cant crush the kingdom5 Minutes Alone
2%
God pains me, the more I see the lie, who wants to see? Got the Life
0%
Banana banana banana terracotta banana terracotta terracotta pieVacinity of Obscenity
0%

You're not logged in!

Compare scores with friends on all Sporcle quizzes.
Sign Up with Email
OR
Log In

You Might Also Like...

Show Comments

Extras

Top Quizzes Today


Score Distribution

Your Account Isn't Verified!

In order to create a playlist on Sporcle, you need to verify the email address you used during registration. Go to your Sporcle Settings to finish the process.

Report this User

Report this user for behavior that violates our Community Guidelines.

Details: